عرض عادي
عرض مارك
- Tocci, Ronald J.
مدخل إسم شخص
001 - رقم الضبط
- حقل الضبط: 11735
003 - معرف رقم الضبط
- حقل الضبط: OSt
005 - تاريخ ووقت أخر عملية
- حقل الضبط: 20120420233426.0
008 - عناصر بيانات ثابتة الطول
- حقل تحكم ثابت الطول: 120420|||a|||||| | ||| d
040 ## - مصدر الفهرسة
- هيئة الفهرسة الأصلية: OSt
- وكالة الكتابة: OSt
100 ## - مدخل -- أسم شخص
- إسم شخص: Tocci, Ronald J.
- عنوان العمل: Digital systems.
- الاصدار: 11th ed.
670 ## - بيانات المصدر موجوده
- الاستشهاد بالمصدر: Work cat.: (OSt)23476: DeLoach, Jim C. 11732, Lab manual :, 2011.
